Dub Inc - 20 Sons les Plus Populaires - Statistiques

Statistiques générales
  • Ce quiz a été pris 10 fois
  • Le résultat moyen est 10 sur 20
Statistiques - réponses
Streams Titres % Correct
20 2 841 115 Djamila
80%
3 19 144 751 Maché bécif
80%
1 37 548 870 Rude Boy
80%
2 25 109 146 Tout ce qu'ils veulent
80%
5 11 248 460 À travers les vagues
60%
9 6 448 812 Chaque nouvelle page
60%
18 2 946 641 Crazy Island
60%
6 7 725 944 Don't Be a Victim (Feat. Naâman)
60%
4 12 470 701 My Freestyle
60%
12 5 213 739 Partout dans ce monde
60%
7 6 757 426 Better Run
40%
16 3 788 857 Erreurs du passé
40%
8 6 496 421 Exil
40%
11 5 293 288 Grand périple
40%
13 4 739 708 Laisse le temps
40%
10 6 209 416 Justice (Feat. Mellow Mood)
20%
19 2 872 849 Life (Feat. Tiken Jah Fakoly)
20%
17 3 462 602 On est ensemble
20%
15 4 414 241 Revolution
20%
14 4 439 521 They Want (Feat. Skarra Mucci)
0%
Aucun quiz correspondant
Distribution des résultats
% des personnes avec chaque résultat
Percentile par nombre de réponses
Votre historique - résultats
Vous n’avez pas pris ce quiz